| 000 | 00953cab a2200277 4500 | ||
|---|---|---|---|
| 001 | X2546 | ||
| 008 | 090401t1995 xxu||||| |||| 00| 0 eng d | ||
| 035 | _a(Sirsi) u24921 | ||
| 041 | _aeng | ||
| 245 | _aCala Homes (South) Ltd and others v Alfred McAlpine Homes East Ltd | ||
| 260 | _c1995 | ||
| 350 | _a0 | ||
| 490 |
_aConstruction Industry Law Letter _v(1995) CILL 1083-1087(5) |
||
| 520 | _aChD 6 July 1995. Joint authorship of drawings; whether impled term that sub-designer holds copyright on trust; inducing breach of copyright; damages awarded for flagrant infringement; duty of an expert witness. | ||
| 650 | _aCALA HOMES V ALFRED MACALPINE | ||
| 650 | _aCOPYRIGHT | ||
| 650 | _aDAMAGES | ||
| 650 | _aDRAWINGS | ||
| 650 | _aENTITLEMENT | ||
| 650 |
_aEXPERT WITNESS _96239 |
||
| 650 | _aHOUSE DESIGNS | ||
| 650 | _aPLANS | ||
| 690 | _aMANAGEMENT-BUSINESS MANAGEMENT-PROFESSIONAL PRACTICE | ||
| 942 | _n0 | ||
| 948 | _c04/03/1997 | ||
| 999 |
_c16713 _d16713 |
||